000 01057nam a2200277 c 4500
003 BLK
005 20180420222727.0
008 180408b bul|||||r ||||||| ||bul||
010 _aKNG00061952000
040 _aBLK
041 _aRUS
_cRUS
080 _aИстория на Индия
_b954.0
_x
_z954.0
100 1 _aАнтонова, К. А.
_eпърви автор
_9287975
700 1 _aБонгард-Левин, Григорий Максимович
_eсъавт.
_941198
700 1 _aКотовский, Г. Г.
_eсъавт.
_9287976
139 _aАнтонова, К. А. и др.
_bА 75 К
245 1 0 _aИстория Индии
_bКраткий очерк
_cК. А. Антонова; съавт. Григорий Максимович Бонгард-Левин; съавт. Г. Г. Котовский.
260 Москва
_bМысль
_c1973
300 _a558 с.
_c22 см
380 _a9
852 _aЦб 71626
856 4 _qpdf
_u
856 4 _qpdf
_u
942 _cKNG
_n0
944 _aCR
_c13.06.2004
_kЧиталня
944 _aED
_c07.06.2016
_kПравда_Бадева
999 _c57935
_d57935